Derechos humanos (Registro nro. 3046)
[ vista simple ]
| 000 -Cabecera | |
|---|---|
| Campo de control de longitud fija | 00918aam a2200301 4500 |
| 005 - Fecha y hora de la última transacción | |
| Campo de control | 20231016152349.0 |
| 008 - Elementos de longitud fija--Información general | |
| Campo de control de longitud fija | 150624b2012 xxu||||| |||| 00| 0 spa d |
| 020 ## - International Standard Book Number | |
| Número Internacional Estándar del Libro (ISBN) | 9786074261608 |
| 041 ## - Idioma | |
| Código de idioma | Español |
| 082 ## - Clasificación Decimal Dewey | |
| Número de clasificación | 323 R173d |
| 100 ## - Entrada principal--Autor personal | |
| Nombre personal | Ramírez García, Hugo Saul |
| 9 (RLIN) | 25709 |
| 100 ## - Entrada principal--Autor personal | |
| Nombre personal | Pallares Yabur, Pedro de Jesús |
| 9 (RLIN) | 25710 |
| 245 ## - Título propiamente dicho | |
| Título | Derechos humanos |
| 260 ## - Pie de imprenta | |
| Lugar de publicación, distribución, etc. | México |
| Nombre del editor, distribuidor, etc. | Oxford |
| Fecha de publicación, distribución, etc. | 2012 |
| 300 ## - Descripción física | |
| Extensión | 406 páginas |
| 650 ## - Materia general | |
| Temática (materia general) | DERECHOS HUMANOS |
| 650 ## - Materia general | |
| Temática (materia general) | ÉTICA Y DERECHO |
| 650 ## - Materia general | |
| Temática (materia general) | RASGOS ESENCIALES DEL DERECHO |
| 650 ## - Materia general | |
| Temática (materia general) | ESTADO DE DERECHO |
| 650 ## - Materia general | |
| Temática (materia general) | DERECHOS PERSONALES |
| 650 ## - Materia general | |
| Temática (materia general) | DERECHOS ECONÓMICOS |
| 650 ## - Materia general | |
| Temática (materia general) | DERECHOS SOCIALES |
| 650 ## - Materia general | |
| Temática (materia general) | DERECHOS CIVILES |
| 650 ## - Materia general | |
| Temática (materia general) | DERECHOS POLÍTICOS |
| 650 ## - Materia general | |
| Temática (materia general) | DERECHO ECOLÓGICO |
| 650 ## - Materia general | |
| Temática (materia general) | PROTECCIÓN DE LOS DERECHOS HUMANOS |
| 942 ## - Punto de acceso adicional KOHA | |
| Tipo de ítem KOHA | Libro |
| Fuente del sistema de clasificación o colocación | Dewey Decimal Classification |
| Signatura completa | Código de barras | Tipo de ítem |
|---|---|---|
| 323 R173d | 17786 | Libro |